Welcome to CU Library Online Public Access Catalogue (OPAC)

Resumes for business management careers / (Record no. 5610)

MARC details
000 -LEADER
fixed length control field 00793cam a22002414a 4500
001 - CONTROL NUMBER
control field 11961563
005 - DATE AND TIME OF LATEST TRANSACTION
control field 20250430131945.0
008 - FIXED-LENGTH DATA ELEMENTS--GENERAL INFORMATION
fixed length control field 000403s2000 ilu 000 0 eng
020 ## - INTERNATIONAL STANDARD BOOK NUMBER
International Standard Book Number 0658004557 (pbk.)
050 00 - LIBRARY OF CONGRESS CALL NUMBER
Classification number HF5383
Item number .V46 2000
082 00 - DEWEY DECIMAL CLASSIFICATION NUMBER
Classification number 808/.06665
Edition information 21
245 00 - TITLE STATEMENT
Title Resumes for business management careers /
Statement of responsibility, etc. the editors of VGM Career Books.
250 ## - EDITION STATEMENT
Edition statement 2nd. ed.
260 ## - PUBLICATION, DISTRIBUTION, ETC.
Place of publication, distribution, etc. Chicago, Ill. :
Name of publisher, distributor, etc. VGM Career Books,
Date of publication, distribution, etc. c2000.
300 ## - PHYSICAL DESCRIPTION
Extent iv, 156 p. ;
Dimensions 28 cm.
440 #0 - SERIES STATEMENT/ADDED ENTRY--TITLE
Title VGM professional resumes series
650 #0 - SUBJECT ADDED ENTRY--TOPICAL TERM
Topical term or geographic name entry element Résumés (Employment)
650 #0 - SUBJECT ADDED ENTRY--TOPICAL TERM
Topical term or geographic name entry element Cover letters.
650 #0 - SUBJECT ADDED ENTRY--TOPICAL TERM
Topical term or geographic name entry element Executives
Geographic subdivision United States.
710 2# - ADDED ENTRY--CORPORATE NAME
Corporate name or jurisdiction name as entry element VGM Career Books (Firm)
856 42 - ELECTRONIC LOCATION AND ACCESS
Materials specified Publisher description
Uniform Resource Identifier <a href="http://www.loc.gov/catdir/description/mh021/00038188.html">http://www.loc.gov/catdir/description/mh021/00038188.html</a>
942 ## - ADDED ENTRY ELEMENTS (KOHA)
Source of classification or shelving scheme Library of Congress Classification
Koha item type Books
Suppress in OPAC No
999 ## -
-- 5610
-- 5610
Holdings
Withdrawn status Lost status Source of classification or shelving scheme Damaged status Not for loan Collection Home library Current library Shelving location Date acquired Total checkouts Full call number Barcode Date last seen Copy number Price effective from Koha item type
    Library of Congress Classification     Non-fiction Undergraduate Library (Christ Temple) Undergraduate Library (Christ Temple) General stacks 04/30/2025   HF 5383 RES ulct00002200 04/30/2025 1 04/30/2025 Books
© 2023-2024 Copyright: Central University Libraries. All Rights Reserved | Created by: Mahone Tech Office